| 000 | 00949nam a2200241 i 4500 | ||
|---|---|---|---|
| 001 | 26299 | ||
| 003 | ES-MaACL | ||
| 005 | 20240701115358.0 | ||
| 007 | t| | ||
| 008 | 030108s1895 sp ||||1| spa d | ||
| 080 | _a821.211-34 | ||
| 130 | 0 |
_aHitopadesa. _lEspañol. _9159825 |
|
| 245 | 1 | 0 |
_aHitopadeza o provechosa enseñanza : _bcolección de fábulas, cuentos y apólogos / _ctraducida del sanscrito por José Alemany y Bolufer ; con un prólogo del Dr. D. Pedro Roca y López. |
| 260 |
_aGranada : _b[s.n., _c1895] ( _fPaulino V. Sabatel) |
||
| 300 |
_aCXIV, 412 p. ; _c15 cm. |
||
| 504 | _aIncluye referencias bibliográficas. | ||
| 530 | _aDisponible en formato digital. | ||
| 700 | 1 |
_aAlemany y Bolufer, José. _919738 |
|
| 700 | 1 |
_aRoca y López, Pedro, _d1865-1903 _9159826 |
|
| 852 |
_aES-MaACL _jG-10585 |
||
| 856 |
_uhttp://bdh-rd.bne.es/viewer.vm?id=0000187635&page=1 _zBiblioteca Digital Hispánica |
||
| 999 |
_c26299 _d26299 |
||